| 000 | 00916cam a2200217 4500 | ||
|---|---|---|---|
| 001 | WB3831-08 | ||
| 008 | 020828n2002 000 0 eng u | ||
| 035 | _a(Sirsi) u119442 | ||
| 245 | _a£250m wasted in risk business | ||
| 260 | _c2002 | ||
| 490 |
_aContract Journal _v415(6390) 14 August 2002, 3(1) |
||
| 520 | _aA report by the Design Build Foundation (DBF) reveals that around £250m is wasted each year in the risk management process because parties do not share information. "Collaborative risk management" looks at various options for construction companies including the creation of an industry-wide mutual insurer for total occupancy costs. DBF at www.dbf-web.co.uk | ||
| 590 | _aWB | ||
| 650 | _aDESIGN BUILD FOUNDATION | ||
| 650 | _aRISK MANAGEMENT | ||
| 650 | _aCONSTRUCTION INDUSTRY | ||
| 650 |
_aInsurance _96249 |
||
| 650 | _aCOLLABORATION | ||
| 690 | _aBUILT ENVIRONMENT | ||
| 942 | _n0 | ||
| 999 |
_c71014 _d71014 |
||